| 000 | 00524cam a22001812 4500 | ||
|---|---|---|---|
| 001 | 0000003180 | ||
| 005 | 20151217151917.0 | ||
| 008 | 070430s xx 000 0 eng d | ||
| 020 |
_a9966212469 : _cKES 220 |
||
| 040 |
_aKABU _cKABU |
||
| 050 | 0 |
_aHQ21 _b.P66 |
|
| 245 | 1 | 0 |
_aPontifical Council for the Family : _bThe Truth and meaning of human sexuality. |
| 260 |
_aNairobi : _bPaulines Publications, _c1996. |
||
| 300 | _a64 p. | ||
| 650 | _aSex | ||
| 908 | _a070430 | ||
| 999 |
_c6267 _d6267 |
||